[Event "ICS rated blitz match"]
[Site "204.178.125.65"]
[Date "2000.05.06"]
[Round "?"]
[White "IZZYLISTED"]
[Black "Hossa"]
[Result "0-1"]
[WhiteElo "2059"]
[BlackElo "2483"]
[PlyCount "108"]
[EventDate "2000.??.??"]

1. e4 e5 2. Nf3 Nc6 3. Bb5 a6 4. Ba4 Nf6 5. Bxc6 dxc6 6. Nc3 Bc5 7. d3 O-O 8.
O-O Bg4 9. h3 Bxf3 10. Qxf3 Nd7 11. Ne2 b5 12. Ng3 a5 13. Nf5 Kh8 14. b3 Bd4
15. Rb1 Bc3 16. Qg3 Rg8 17. f4 a4 18. fxe5 axb3 19. axb3 Nxe5 20. Bf4 f6 21.
Be3 Ra2 22. Rbc1 Qd7 23. Rf4 Rga8 24. Rh4 g6 25. d4 gxf5 26. dxe5 Bxe5 27. Bf4
Qd4+ 28. Kh2 fxe4 29. Bxe5 Qxe5 30. Qxe5 fxe5 31. Rxe4 Re8 32. Kg3 c5 33. Kf3
Kg7 34. Rh4 Ra6 35. Re1 Rf8+ 36. Kg3 Rg6+ 37. Rg4 Rf5 38. Rd1 c6 39. Rd7+ Rf7
40. Rd6 Rff6 41. Rd7+ Kh6 42. Re7 Rf5 43. Kh4 Rf2 44. Rxe5 Rxc2 45. Rxg6+ hxg6
46. Re6 c4 47. Rxc6 cxb3 48. Rb6 Rc4+ 49. g4 Rb4 50. Kg3 b2 51. h4 b1=Q 52. g5+
Kh5 53. Rb7 Qd3+ 54. Kf2 Rb2+ {IZZYLISTED resigns} 0-1

[Event "ICS rated blitz match"]
[Site "204.178.125.65"]
[Date "2000.05.06"]
[Round "?"]
[White "Hossa"]
[Black "IZZYLISTED"]
[Result "1-0"]
[WhiteElo "2486"]
[BlackElo "2056"]
[PlyCount "65"]
[EventDate "2000.??.??"]

1. e4 c5 2. Nf3 Nf6 3. e5 Nd5 4. Nc3 e6 5. Nxd5 exd5 6. d4 Nc6 7. dxc5 Bxc5 8.
Qxd5 d6 9. exd6 Qb6 10. Bc4 Bxf2+ 11. Ke2 O-O 12. Rf1 Be6 13. Qb5 Bc5 14. Bd3
Rfe8 15. Qxb6 axb6 16. Ng5 Bd5+ 17. Kd1 Bxd6 18. c4 Bxg2 19. Bxh7+ Kh8 20. Rf2
Bh3 21. Nxf7+ Kxh7 22. Nxd6 Rad8 23. Rd2 Re6 24. Nxb7 Rde8 25. a3 Bf5 26. Rf2
Re1+ 27. Kd2 Nd4 28. Kc3 Rd1 29. b4 Ree1 30. Bd2 Nb5+ 31. cxb5 Rxa1 32. Bxe1
Rxe1 33. Rxf5 {IZZYLISTED resigns} 1-0

[Event "ICS rated blitz match"]
[Site "204.178.125.65"]
[Date "2000.05.06"]
[Round "?"]
[White "IZZYLISTED"]
[Black "Hossa"]
[Result "1-0"]
[WhiteElo "2054"]
[BlackElo "2488"]
[PlyCount "165"]
[EventDate "2000.??.??"]

1. e4 e5 2. Nf3 Nc6 3. Nc3 Nf6 4. Bb5 Bb4 5. O-O O-O 6. Bxc6 dxc6 7. d3 Bg4 8.
h3 Bxf3 9. Qxf3 h6 10. Nd1 a5 11. Ne3 Kh8 12. g4 a4 13. Kh1 Bd6 14. Rg1 a3 15.
b3 Bb4 16. Nf5 Bc3 17. Rb1 Nh7 18. Rg2 Qd7 19. Be3 b6 20. Rbg1 Ng5 21. Qg3 Kg8
22. h4 Ne6 23. g5 hxg5 24. hxg5 Qd8 25. Rh2 Nf4 26. Qh4 f6 27. Bxf4 Kf7 28.
Qh5+ g6 29. Qh7+ Ke6 30. Ng7+ Kd6 31. Be3 Rh8 32. Qxh8 Qxh8 33. Rxh8 Rxh8+ 34.
Kg2 fxg5 35. Rh1 Rg8 36. Rh7 g4 37. Kg3 c5 38. Kxg4 Bd4 39. Bxd4 cxd4 40. Kg5
Rf8 41. Rh2 Ke7 42. Kxg6 Rf6+ 43. Kg5 Kf7 44. Nf5 Rg6+ 45. Kh4 Ke8 46. Ng3 Rc6
47. f3 Rg6 48. Rf2 Rg8 49. Kh3 Kd8 50. f4 exf4 51. Rxf4 c5 52. Kg2 Ke7 53. Kf3
Kd8 54. Rg4 Rh8 55. Kg2 Rf8 56. Nf5 Rf6 57. Rg7 Kc8 58. Ra7 Rg6+ 59. Kf2 Kb8
60. Rxa3 Rg8 61. b4 cxb4 62. Rb3 Kb7 63. Rxb4 Rh8 64. Nxd4 Rh2+ 65. Ke3 Rg2 66.
Kf4 Rf2+ 67. Ke5 Rh2 68. a4 Ka6 69. Kd6 Rg2 70. e5 Rg8 71. e6 Rg6 72. Kd7 Kb7
73. e7 Rg7 74. Ne6 Rxe7+ 75. Kxe7 Ka7 76. d4 Ka6 77. d5 Ka5 78. Rb1 Ka6 79. d6
b5 80. d7 Ka7 81. d8=Q b4 82. Rxb4 Ka6 83. Qb6# {Hossa checkmated} 1-0

[Event "ICS rated blitz match"]
[Site "204.178.125.65"]
[Date "2000.05.06"]
[Round "?"]
[White "Hossa"]
[Black "IZZYLISTED"]
[Result "1/2-1/2"]
[WhiteElo "2458"]
[BlackElo "2084"]
[PlyCount "78"]
[EventDate "2000.??.??"]

1. e4 c5 2. Nf3 Nf6 3. e5 Nd5 4. Nc3 e6 5. Nxd5 exd5 6. d4 Nc6 7. dxc5 Bxc5 8.
Qxd5 d6 9. exd6 Qb6 10. Bc4 Bxf2+ 11. Ke2 O-O 12. Rf1 Re8+ 13. Kd1 Be6 14. Qd2
Bc5 15. Bd5 Bxd5 16. Qxd5 Rad8 17. Nd2 Ne5 18. Qe4 Rxd6 19. c3 Qd8 20. Kc2 b5
21. Nb3 Nc4 22. Qf3 Rf6 23. Qd1 Rd6 24. Qh5 Be3 25. Qxf7+ Kh8 26. Nd4 Bxd4 27.
cxd4 Rxd4 28. a3 a5 29. Qf2 Rde4 30. Kb1 Qd3+ 31. Ka2 h6 32. Bxh6 Qd5 33. Bxg7+
Kxg7 34. Qg3+ Kh7 35. Qh3+ Kg7 36. Qg3+ Kh7 37. Qh3+ Kg7 38. Qg3+ Kh7 39. Qh3+
Kg7 1/2-1/2

[Event "ICS rated blitz match"]
[Site "204.178.125.65"]
[Date "2000.05.06"]
[Round "?"]
[White "QueenMaxima"]
[Black "Hossa"]
[Result "1-0"]
[WhiteElo "2510"]
[BlackElo "2445"]
[PlyCount "183"]
[EventDate "2000.??.??"]

1. d4 Nf6 2. Nf3 e6 3. c4 b6 4. g3 d5 5. Bg2 dxc4 6. Nc3 Bb7 7. Qa4+ Nbd7 8.
Bg5 c5 9. Bxf6 gxf6 10. Rd1 cxd4 11. Rxd4 a6 12. Qxc4 Rc8 13. Qb3 Be7 14. O-O
Bc5 15. Rdd1 h5 16. Qa4 b5 17. Qf4 Ba8 18. Ne4 e5 19. Qf5 Bxe4 20. Qxe4 Rc7 21.
Bh3 Be7 22. Bxd7+ Rxd7 23. Qc6 b4 24. Rd2 Qc7 25. Qa4 Bd6 26. Qxa6 O-O 27. Rfd1
Rfd8 28. Qd3 Bf8 29. Qxd7 Rxd7 30. Rxd7 Qc4 31. R1d2 Qxa2 32. Kh1 b3 33. Rc7
Qb1+ 34. Kg2 e4 35. Ng1 Kg7 36. Rdd7 Qxb2 37. Rxf7+ Kg8 38. Nh3 Qa1 39. Nf4 b2
40. Nxh5 b1=Q 41. Nxf6+ Qxf6 42. Rxf6 Qb8 43. Rff7 Qb6 44. Rfd7 Qb2 45. e3 Qe2
46. Rc8 Qf3+ 47. Kg1 Qe2 48. Rdd8 Qf3 49. Rxf8+ Qxf8 50. Rxf8+ Kxf8 51. g4 Kg7
52. h4 Kf7 53. Kg2 Kg7 54. Kh3 Kf6 55. g5+ Kf5 56. Kg3 Kg6 57. Kg4 Kg7 58. Kh5
Kh7 59. g6+ Kg8 60. Kh6 Kf8 61. g7+ Kf7 62. Kh7 Ke6 63. g8=Q+ Kd6 64. Qd8+ Kc5
65. Qe7+ Kb5 66. Qe8+ Kc5 67. Qe5+ Kb4 68. Qxe4+ Kc5 69. Qd4+ Kb5 70. e4 Kc6
71. Qd5+ Kb6 72. h5 Ka6 73. Qc6+ Ka5 74. Qc5+ Ka4 75. f4 Kb3 76. f5 Ka4 77.
Qd4+ Kb3 78. Qd1+ Kc3 79. Qe1+ Kc4 80. Qf1+ Kd4 81. Qf2+ Kc4 82. Qe2+ Kc5 83.
Qa2 Kb5 84. Qb3+ Kc5 85. Qd5+ Kb4 86. f6 Ka3 87. f7 Ka4 88. h6 Kb4 89. f8=Q+
Ka4 90. Qa2+ Kb5 91. Qb8+ Kc5 92. Qd5# {Hossa checkmated} 1-0

[Event "ICS rated blitz match"]
[Site "204.178.125.65"]
[Date "2000.05.06"]
[Round "?"]
[White "QueenMaxima"]
[Black "Hossa"]
[Result "0-1"]
[WhiteElo "2503"]
[BlackElo "2452"]
[PlyCount "144"]
[EventDate "2000.??.??"]

1. e4 e5 2. Nf3 Nc6 3. Bb5 a6 4. Ba4 Nf6 5. O-O Be7 6. Re1 b5 7. Bb3 d6 8. c3
O-O 9. h3 Na5 10. Bc2 c5 11. d4 Qc7 12. Nbd2 cxd4 13. cxd4 Nc6 14. Nb3 a5 15.
Be3 a4 16. Nbd2 Be6 17. a3 d5 18. dxe5 Nxe5 19. Rc1 Nxf3+ 20. Nxf3 Qb7 21. Bg5
Rfe8 22. e5 Ne4 23. Bxe7 Rxe7 24. Qe2 Bf5 25. Nd4 g6 26. Bxe4 Bxe4 27. f3 Qa7
28. Qe3 Bf5 29. Nxf5 gxf5 30. Qxa7 Raxa7 31. Rc5 d4 32. Rxb5 Reb7 33. Rxb7 Rxb7
34. Rd1 Rd7 35. g3 Rd5 36. Rd3 Kf8 37. f4 f6 38. exf6 h5 39. Rd1 Kf7 40. Rd3
Kxf6 41. Kf2 Ke6 42. Ke2 Rd6 43. b4 Kd5 44. Rf3 Rc6 45. Kd2 Rc7 46. Rd3 Ke4 47.
h4 Rc8 48. Ke2 Rc2+ 49. Rd2 d3+ 50. Kd1 Rc3 51. Ra2 Ke3 52. b5 Rb3 53. Kc1 Rxb5
54. Rh2 Rb3 55. Ra2 Kf3 56. Kd2 Kxg3 57. Ke3 d2+ 58. Kxd2 Kxh4 59. Rc2 Rxa3 60.
Rc4 Kg3 61. Rb4 h4 62. Rb6 h3 63. Rh6 h2 64. Kc2 Kg2 65. Rg6+ Rg3 66. Rh6 Rh3
67. Rf6 h1=Q 68. Rf7 Qe1 69. Rc7 Qe2+ 70. Kb1 Rh1+ 71. Rc1 a3 72. Rd1 Rxd1# 0-1

[Event "ICS rated blitz match"]
[Site "204.178.125.65"]
[Date "2000.05.06"]
[Round "?"]
[White "Hossa"]
[Black "QueenMaxima"]
[Result "1/2-1/2"]
[WhiteElo "2470"]
[BlackElo "2485"]
[PlyCount "92"]
[EventDate "2000.??.??"]

1. e4 c5 2. Nf3 d6 3. d4 cxd4 4. Nxd4 Nf6 5. Nc3 a6 6. Bg5 e6 7. f4 Be7 8. Qf3
Qc7 9. O-O-O Nbd7 10. g4 b5 11. Bxf6 Nxf6 12. g5 Nd7 13. f5 Nc5 14. f6 gxf6 15.
gxf6 Bf8 16. Rg1 Bd7 17. Rg7 b4 18. Nd5 exd5 19. exd5 O-O-O 20. Rxf7 Re8 21.
Rxd7 Bh6+ 22. Kb1 Nxd7 23. Qh5 Be3 24. Bxa6+ Kb8 25. Nc6+ Ka8 26. f7 Ref8 27.
Re1 Qb6 28. Qh3 Rxf7 29. Qxe3 Qxa6 30. Nxb4 Qc4 31. Qa3+ Kb7 32. b3 Qc5 33.
Qa6+ Kc7 34. Qa4 Qb6 35. Nc6 Rhf8 36. Qe4 Nf6 37. Qc4 Kb7 38. b4 Rg7 39. Re6
Rg4 40. Re7+ Kc8 41. Na7+ Kd8 42. Qc8+ Kxe7 43. Qe6+ Kd8 44. Qc8+ Ke7 45. Qe6+
Kd8 46. Qc8+ Ke7 1/2-1/2

[Event "ICS rated blitz match"]
[Site "204.178.125.65"]
[Date "2000.05.06"]
[Round "?"]
[White "PostModernist"]
[Black "Hossa"]
[Result "1-0"]
[WhiteElo "2638"]
[BlackElo "2471"]
[PlyCount "137"]
[EventDate "2000.??.??"]

1. e4 e5 2. Nf3 Nc6 3. d4 exd4 4. Nxd4 Nf6 5. Nc3 Bb4 6. Nxc6 bxc6 7. Bd3 Bxc3+
8. bxc3 d5 9. exd5 Qe7+ 10. Qe2 Qxe2+ 11. Kxe2 cxd5 12. a3 O-O 13. Be3 Re8 14.
Kd2 Ne4+ 15. Bxe4 Rxe4 16. Rhe1 Bf5 17. f3 Ra4 18. Bc5 Rc8 19. Re7 Be6 20. Re1
a5 21. Rb1 Rh4 22. h3 Rc4 23. Rb5 a4 24. Bb4 h6 25. Rc5 Rxc5 26. Bxc5 Bf5 27.
Bf2 Kf8 28. Bc5 Kg8 29. Be3 g5 30. Re5 Be6 31. f4 gxf4 32. Bxf4 Kg7 33. Rh5 c5
34. Rxh6 f6 35. Be3 d4 36. Bf4 Rh8 37. Rxh8 dxc3+ 38. Kxc3 Kxh8 39. Bd6 Bd5 40.
g3 Be6 41. h4 Kg8 42. Bxc5 Bf5 43. h5 Kg7 44. Be3 Kh7 45. Kd2 Bg4 46. h6 Be6
47. Bf4 Kg6 48. Ke3 Kh7 49. Kd4 Bf7 50. c4 Bh5 51. Kc5 Be2 52. Kb4 Kg8 53. c5
Bf3 54. Kxa4 Be4 55. Kb5 Kf7 56. c6 Ke7 57. Kb6 Kf7 58. c7 Bf5 59. a4 Ke7 60.
g4 Bd7 61. h7 Ke6 62. h8=Q Kd5 63. Qxf6 Ke4 64. Bc1 Bc8 65. Kc5 Kd3 66. Qb2
Bxg4 67. Qd2+ Ke4 68. Qf4+ Kd3 69. Qc4# {Hossa checkmated} 1-0

[Event "ICS rated standard match"]
[Site "204.178.125.65"]
[Date "2000.05.06"]
[Round "?"]
[White "bawon"]
[Black "Hossa"]
[Result "0-1"]
[WhiteElo "2088"]
[BlackElo "2353"]
[PlyCount "63"]
[EventDate "2000.??.??"]

1. e4 e5 2. Nf3 Nc6 3. Bb5 a6 4. Ba4 Nf6 5. d3 d6 6. c3 b5 7. Bb3 Be7 8. Nbd2
O-O 9. Nf1 a5 10. a4 b4 11. Ne3 bxc3 12. bxc3 Be6 13. Nd5 Rb8 14. O-O Qd7 15.
Bg5 Bg4 16. Bxf6 Bxf6 17. Bc4 Ne7 18. Nxf6+ gxf6 19. h3 Bxf3 20. Qxf3 f5 21.
Qh5 fxe4 22. dxe4 Rb2 23. f4 Qc6 24. Qg5+ Ng6 25. Bd5 Qc5+ 26. Kh1 exf4 27.
Rxf4 c6 28. Raf1 cxd5 29. exd5 Qxc3 30. h4 Qd3 31. h5 Rb1 32. hxg6 {
bawon resigns} 0-1

[Event "ICS rated blitz match"]
[Site "204.178.125.65"]
[Date "2000.05.06"]
[Round "?"]
[White "Hossa"]
[Black "being"]
[Result "1-0"]
[WhiteElo "2462"]
[BlackElo "2083"]
[PlyCount "73"]
[EventDate "2000.??.??"]

1. e4 c5 2. Nf3 Nc6 3. d4 cxd4 4. Nxd4 g6 5. c4 Bg7 6. Be3 Nf6 7. Nc3 Ng4 8.
Qxg4 Nxd4 9. Qd1 Ne6 10. Rc1 Qa5 11. Bd2 b6 12. f4 Bb7 13. e5 Qc5 14. Nb5 O-O
15. Qb3 Qc6 16. Qe3 Nc5 17. Rd1 f6 18. Bb4 fxe5 19. fxe5 Rae8 20. Nxa7 Qa4 21.
Bxc5 bxc5 22. Nb5 Qxa2 23. Nc3 Qxb2 24. Rb1 Qc2 25. Rxb7 Ra8 26. Rb1 Ra3 27.
Rc1 Qb2 28. Kd1 Qb3+ 29. Kd2 d6 30. Rb1 Ra2+ 31. Ke1 Qc2 32. Rc1 Qb3 33. Qh3
Bxe5 34. Nxa2 Qxa2 35. Qe3 Bd4 36. Qxe7 Kh8 37. Qxf8# {being checkmated} 1-0

[Event "ICS rated blitz match"]
[Site "204.178.125.65"]
[Date "2000.05.06"]
[Round "?"]
[White "RusMafia"]
[Black "Hossa"]
[Result "0-1"]
[WhiteElo "2036"]
[BlackElo "2465"]
[PlyCount "64"]
[EventDate "2000.??.??"]

1. e4 e5 2. Nf3 Nc6 3. Bb5 a6 4. Ba4 Nf6 5. O-O Be7 6. Re1 b5 7. Bb3 d6 8. c3
O-O 9. h3 Na5 10. Bc2 c5 11. d4 Qc7 12. Nbd2 cxd4 13. cxd4 Nc6 14. d5 Nb4 15.
Bb1 a5 16. a3 Na6 17. b4 axb4 18. axb4 Bb7 19. Qb3 Nc5 20. bxc5 Rxa1 21. c6 Ba6
22. Bb2 Ra4 23. Bd3 Rb8 24. Nb1 Nh5 25. Nc3 Nf4 26. Bf1 Ra5 27. g3 b4 28. gxf4
bxc3 29. Qxc3 Bxf1 30. Rxf1 Rab5 31. Ba1 Rb3 32. Qd2 Rxf3 {RusMafia resigns}
0-1

[Event "ICS rated blitz match"]
[Site "204.178.125.65"]
[Date "2000.05.06"]
[Round "?"]
[White "RusMafia"]
[Black "Hossa"]
[Result "0-1"]
[WhiteElo "1996"]
[BlackElo "2467"]
[PlyCount "36"]
[EventDate "2000.??.??"]

1. Nf3 d5 2. d4 e6 3. c4 dxc4 4. e4 b5 5. a4 Bb4+ 6. Nc3 c6 7. Be2 Nf6 8. e5
Nd5 9. O-O Bxc3 10. bxc3 Nxc3 11. Qc2 Nxe2+ 12. Qxe2 a5 13. Bg5 f6 14. exf6
gxf6 15. Bh4 O-O 16. Ne5 Qxd4 17. Nf3 Qd3 18. Qb2 c3 {RusMafia resigns} 0-1

[Event "ICS rated standard match"]
[Site "204.178.125.65"]
[Date "2000.05.06"]
[Round "?"]
[White "chess-bomber"]
[Black "Hossa"]
[Result "0-1"]
[WhiteElo "2011"]
[BlackElo "2364"]
[PlyCount "37"]
[EventDate "2000.??.??"]

1. g3 d5 2. Bg2 c6 3. d3 Nf6 4. Nd2 e5 5. c3 Nbd7 6. Qc2 Bd6 7. Ngf3 O-O 8. O-O
Re8 9. e4 b6 10. Re1 dxe4 11. dxe4 Ba6 12. Qa4 Nc5 13. Qxc6 Rc8 14. Qxc8 Qxc8
15. b4 Nd3 16. Re3 Nxf2 17. Bb2 N6g4 18. Ree1 Nd3 19. Reb1 0-1

[Event "ICS rated blitz match"]
[Site "204.178.125.65"]
[Date "2000.05.06"]
[Round "?"]
[White "Hossa"]
[Black "joejan"]
[Result "1/2-1/2"]
[WhiteElo "2469"]
[BlackElo "2257"]
[PlyCount "152"]
[EventDate "2000.??.??"]

1. e4 e5 2. Nf3 Nc6 3. Nc3 Nf6 4. Nxe5 Nxe5 5. d4 Ng6 6. e5 Ng8 7. Bc4 Bb4 8.
Qf3 Qe7 9. O-O Bxc3 10. bxc3 Nh6 11. g3 O-O 12. Qh5 d6 13. Bxh6 gxh6 14. exd6
Qxd6 15. Rfe1 Be6 16. Bxe6 fxe6 17. Rab1 b6 18. Qe2 Rf6 19. f4 Raf8 20. Red1
Nxf4 21. Qc4 Nd5 22. Re1 h5 23. Re5 h4 24. gxh4 Rg6+ 25. Kh1 Rf2 26. Rg1 Rxg1+
27. Kxg1 Rf5 28. Re1 Qf4 29. Qe2 Rf6 30. Kh1 Rg6 31. h5 Rf6 32. c4 Ne7 33. d5
e5 34. Qxe5 Qxe5 35. Rxe5 Kf7 36. Re3 Rf2 37. Rc3 Nf5 38. c5 b5 39. h6 Nd4 40.
Rg3 Nf3 41. Rh3 Ke7 42. c3 a5 43. a3 Kf6 44. Rh5 Ke7 45. Rh3 Ng5 46. Rg3 Ne4
47. Re3 Rf4 48. Re1 Kd7 49. Rg1 Ke7 50. Re1 Kd7 51. Rg1 Nf2+ 52. Kg2 Ng4 53. h3
Nxh6 54. Kh1 Rf3 55. Rg7+ Kc8 56. Rxh7 Rxh3+ 57. Kg2 Rh5 58. Kf3 Kb8 59. d6
cxd6 60. cxd6 Rh3+ 61. Kf4 Kc8 62. Kg5 Rxc3 63. Rxh6 Rxa3 64. Rh7 Re3 65. Ra7
a4 66. Kf4 Re1 67. Ra5 Rb1 68. Ke5 Kb7 69. d7 Re1+ 70. Kf5 Rd1 71. Rxb5+ Kc6
72. Ra5 Rxd7 73. Rxa4 Rd5+ 74. Kg4 Kc5 75. Kh4 Rd4+ 76. Rxd4 Kxd4 1/2-1/2

[Event "ICS rated blitz match"]
[Site "204.178.125.65"]
[Date "2000.05.06"]
[Round "?"]
[White "Hossa"]
[Black "usommer"]
[Result "1-0"]
[WhiteElo "2460"]
[BlackElo "1973"]
[PlyCount "24"]
[EventDate "2000.??.??"]

1. e4 e6 2. d4 d5 3. Nc3 Bb4 4. e5 c5 5. a3 Bxc3+ 6. bxc3 Qc7 7. Qg4 Ne7 8.
Qxg7 Rg8 9. Qxh7 cxd4 10. Ne2 dxc3 11. f4 Nbc6 12. Nxc3 Bd7 {usommer resigns}
1-0

[Event "ICS rated blitz match"]
[Site "204.178.125.65"]
[Date "2000.05.06"]
[Round "?"]
[White "usommer"]
[Black "Hossa"]
[Result "1/2-1/2"]
[WhiteElo "1971"]
[BlackElo "2462"]
[PlyCount "134"]
[EventDate "2000.??.??"]

1. e4 e5 2. Nf3 Nc6 3. Bc4 Bc5 4. Nc3 Nf6 5. d3 O-O 6. Bg5 d6 7. Nd5 Na5 8.
Nxf6+ gxf6 9. Bh6 Nxc4 10. dxc4 Re8 11. Nh4 f5 12. Nxf5 Bxf5 13. exf5 Bxf2+ 14.
Kxf2 Qh4+ 15. g3 Qxh6 16. Kg2 e4 17. Rf1 Qf6 18. c3 c6 19. Qg4+ Kf8 20. Rad1
Re5 21. Rd4 Rae8 22. Re1 Qxf5 23. Qxf5 Rxf5 24. Rdxe4 Rxe4 25. Rxe4 Ra5 26. a3
Re5 27. Kf3 Rf5+ 28. Ke3 Rf1 29. Rh4 Kg7 30. Rd4 Rh1 31. Rxd6 Rxh2 32. b4 Ra2
33. Rd7 Rxa3 34. Rxb7 Rxc3+ 35. Kd4 Rb3 36. Kc5 a5 37. b5 cxb5 38. Rxb5 Rxg3
39. Rxa5 h5 40. Kb6 h4 41. c5 Rb3+ 42. Kc7 f5 43. c6 Kf6 44. Kd7 Rd3+ 45. Kc8
h3 46. c7 h2 47. Ra1 Ke6 48. Rh1 Rh3 49. Kb8 Rb3+ 50. Kc8 Rc3 51. Rxh2 Rxc7+
52. Kxc7 Ke5 53. Re2+ Kd5 54. Rf2 Ke5 55. Kc6 f4 56. Kc5 Ke4 57. Kc4 f3 58. Rd2
Ke3 59. Rd3+ Ke2 60. Kd4 f2 61. Re3+ Kf1 62. Re8 Kg2 63. Rg8+ Kf3 64. Rf8+ Kg2
65. Rg8+ Kf3 66. Rf8+ Kg2 67. Rxf2+ Kxf2 1/2-1/2

[Event "ICS rated blitz match"]
[Site "204.178.125.65"]
[Date "2000.05.06"]
[Round "?"]
[White "Hossa"]
[Black "mishiko"]
[Result "1-0"]
[WhiteElo "2448"]
[BlackElo "2472"]
[PlyCount "65"]
[EventDate "2000.??.??"]

1. e4 e6 2. d4 d5 3. Nc3 Nf6 4. Bg5 Bb4 5. e5 h6 6. Bd2 Bxc3 7. bxc3 Ne4 8. Nf3
c5 9. Bd3 Nc6 10. O-O O-O 11. Re1 Nxd2 12. Qxd2 Qa5 13. Qe3 Bd7 14. dxc5 Rac8
15. c4 dxc4 16. Bxc4 Rc7 17. Rab1 Ne7 18. Red1 Rfc8 19. Bd3 Bc6 20. Rb2 Nd5 21.
Qd4 Qc3 22. Rb3 Qa5 23. Nd2 Be8 24. Ne4 Rd8 25. c4 Ba4 26. cxd5 Rxd5 27. Qc4
Bxb3 28. axb3 b6 29. b4 Qa3 30. Nc3 Rxe5 31. Nb5 Qa4 32. Bc2 Qa6 33. Rd8# {
mishiko checkmated} 1-0

[Event "ICS rated blitz match"]
[Site "204.178.125.65"]
[Date "2000.05.06"]
[Round "?"]
[White "joejan"]
[Black "Hossa"]
[Result "0-1"]
[WhiteElo "2266"]
[BlackElo "2463"]
[PlyCount "61"]
[EventDate "2000.??.??"]

1. e4 e5 2. Nf3 Nc6 3. Bb5 a6 4. Ba4 Nf6 5. O-O Be7 6. Re1 b5 7. Bb3 d6 8. h3
O-O 9. c3 Na5 10. Bc2 c5 11. d4 cxd4 12. cxd4 Nc6 13. Bg5 Bb7 14. Nbd2 Nxd4 15.
Nxd4 exd4 16. Nf3 Nxe4 17. Bxe7 Qxe7 18. Qxd4 d5 19. Nd2 Rfd8 20. Re3 Rac8 21.
Bb3 Qc7 22. Rae1 Ba8 23. Nf3 a5 24. a3 g6 25. Nh2 a4 26. Ba2 Qe7 27. Ng4 Qg5
28. Qb4 f5 29. Nh2 Qf6 30. Rd3 Rc2 31. Rxe4 {joejan resigns} 0-1

[Event "ICS rated blitz match"]
[Site "204.178.125.65"]
[Date "2000.05.06"]
[Round "?"]
[White "Hossa"]
[Black "wwallace"]
[Result "1-0"]
[WhiteElo "2471"]
[BlackElo "1969"]
[PlyCount "41"]
[EventDate "2000.??.??"]

1. e4 e6 2. d4 d5 3. Nc3 Nf6 4. Bg5 Be7 5. e5 Nfd7 6. Bxe7 Qxe7 7. f4 a6 8. Nf3
c5 9. dxc5 Nxc5 10. Bd3 Bd7 11. O-O O-O 12. Bxh7+ Kxh7 13. Ng5+ Qxg5 14. fxg5
g6 15. Nxd5 exd5 16. Qxd5 Be6 17. Qxc5 Nc6 18. Qb6 Rab8 19. Qc7 Rbc8 20. Qxb7
Nxe5 21. Rae1 {wwallace resigns} 1-0

[Event "ICS rated blitz match"]
[Site "204.178.125.65"]
[Date "2000.05.06"]
[Round "?"]
[White "HaraldLdahl"]
[Black "Hossa"]
[Result "0-1"]
[WhiteElo "2196"]
[BlackElo "2473"]
[PlyCount "50"]
[EventDate "2000.??.??"]

1. e4 e5 2. Nf3 Nc6 3. Nc3 Nf6 4. Bb5 Bb4 5. O-O O-O 6. Bxc6 dxc6 7. d3 Qd6 8.
Ne2 Bg4 9. Ng3 c5 10. h3 Be6 11. b3 Bc3 12. Rb1 Rfd8 13. Nh4 c4 14. bxc4 Bxc4
15. Bb2 Bxb2 16. Rxb2 Ba6 17. Qe2 g6 18. Qe3 c5 19. f4 c4 20. Rbb1 cxd3 21.
Rbd1 exf4 22. Rxf4 dxc2 23. Rxd6 Rxd6 24. Rxf6 Rd1+ 25. Kh2 c1=Q {
HaraldLdahl resigns} 0-1

[Event "ICS rated standard match"]
[Site "204.178.125.65"]
[Date "2000.05.06"]
[Round "?"]
[White "Hossa"]
[Black "bookbuilder"]
[Result "0-1"]
[WhiteElo "2368"]
[BlackElo "2525"]
[PlyCount "128"]
[EventDate "2000.??.??"]

1. e4 e6 2. d4 d5 3. Nc3 Bb4 4. e5 c5 5. a3 Ba5 6. b4 cxb4 7. Nb5 Nc6 8. Nd6+
Kf8 9. Ne2 f6 10. axb4 Bxb4+ 11. c3 Bxd6 12. exd6 Nh6 13. Bxh6 gxh6 14. Qc1 Kg7
15. Qa3 Qd7 16. Ng3 Rd8 17. Nh5+ Kg6 18. Be2 Qxd6 19. Qc1 e5 20. Qc2+ f5 21. g4
exd4 22. gxf5+ Kf7 23. f6 Rh8 24. Rc1 dxc3 25. Qxc3 Rg8 26. Rb1 Qe5 27. Qd3 Rg6
28. f4 Qd4 29. Rb5 Nb4 30. Qd2 a5 31. Qxd4 Nc2+ 32. Kf2 Nxd4 33. Rxd5 Nxe2 34.
Kxe2 Bg4+ 35. Kf2 Bxh5 36. Rxh5 Rxf6 37. Kf3 b6 38. Re5 Ra7 39. f5 a4 40. Ra1
Rd6 41. Ra3 Kf6 42. Rb5 h5 43. h3 Ra6 44. Ke4 h6 45. Rg3 a3 46. Rg6+ Ke7 47.
Re5+ Kd7 48. Rxd6+ Kxd6 49. Rd5+ Ke7 50. Rd1 b5 51. Ra1 b4 52. Kd3 b3 53. Re1+
Kf7 54. Kc3 Rb6 55. Re6 Rb5 56. Re5 Rxe5 57. Kxb3 Re3+ 58. Ka2 Rxh3 59. Ka1 h4
60. Ka2 Rg3 61. f6 h3 62. Kb1 Rg2 63. Ka1 h2 64. Kb1 h1=Q# {Hossa checkmated}
0-1

[Event "ICS Rated standard match"]
[Site "204.178.125.65"]
[Date "2000.05.06"]
[Round "?"]
[White "Hossa"]
[Black "chess-bomber"]
[Result "1-0"]
[WhiteElo "2359"]
[BlackElo "2007"]
[PlyCount "135"]
[EventDate "2000.??.??"]

1. e4 g6 2. d4 Bg7 3. Nc3 d6 4. Nf3 c6 5. Be2 Nd7 6. O-O Qc7 7. Bd3 h6 8. Re1
e5 9. Be3 Ngf6 10. dxe5 dxe5 11. Qd2 Ng4 12. Bc4 Nxe3 13. Rxe3 O-O 14. Rd1 Re8
15. a3 Bf8 16. Ba2 Kg7 17. Ne2 Nc5 18. b4 Ne6 19. Qc3 f6 20. Qd2 a5 21. Bxe6
Bxe6 22. Rd3 axb4 23. axb4 b5 24. Rb1 Re7 25. Rd1 Ree8 26. Nh4 Ra4 27. Rg3 g5
28. c3 Rea8 29. Qe1 Ra2 30. Nc1 Rc2 31. Rd2 Rxd2 32. Qxd2 Rd8 33. Qc2 Qd7 34.
Rd3 Qe7 35. Nf3 Bc4 36. Rxd8 Qxd8 37. Nd2 Be6 38. Ne2 c5 39. bxc5 Bxc5 40. Nc1
Qb6 41. Nf1 h5 42. Nd3 Bd6 43. Qd2 Bc4 44. Ng3 Kg6 45. Qe2 g4 46. Qc2 Bf8 47.
Nb2 Be6 48. Nf1 Qd6 49. Qe2 Bh6 50. Qxb5 Bc1 51. Nd3 Ba3 52. Ne3 Bd7 53. Qb1
Bc6 54. Nc4 Qe7 55. Ndxe5+ fxe5 56. Qb6 Qc5 57. Qxc5 Bxc5 58. Nxe5+ Kf6 59.
Nxc6 Ke6 60. Kf1 Kd6 61. Na5 Ke5 62. f3 Kf4 63. Nb7 Ba3 64. Ke2 Bb2 65. c4 Bd4
66. g3+ Ke5 67. f4+ Kxe4 68. Nd6# 1-0

[Event "ICS rated standard match"]
[Site "204.178.125.65"]
[Date "2000.05.06"]
[Round "?"]
[White "trinity"]
[Black "Hossa"]
[Result "1-0"]
[WhiteElo "2157"]
[BlackElo "2363"]
[PlyCount "93"]
[EventDate "2000.??.??"]

1. e4 e5 2. Nf3 Nc6 3. Bb5 a6 4. Bxc6 dxc6 5. O-O f6 6. d4 exd4 7. Nxd4 c5 8.
Ne2 Bd7 9. Nbc3 Ne7 10. Nf4 g6 11. Ncd5 Nxd5 12. exd5 Bd6 13. Re1+ Kf7 14. Ne6
Qb8 15. Qf3 c6 16. Bf4 Bxf4 17. Nxf4 Bf5 18. g4 Bd7 19. Ne6 Bxe6 20. dxe6+ Kg7
21. Rad1 Rd8 22. Rxd8 Qxd8 23. Rd1 Qh8 24. Rd7+ Kg8 25. Qf4 Rf8 26. Qd6 f5 27.
Rd8 Qf6 28. Rxf8+ Qxf8 29. Qd7 fxg4 30. e7 Qf7 31. e8=Q+ Qxe8 32. Qxe8+ Kg7 33.
Qe7+ Kh6 34. Qxb7 c4 35. Qxc6 c3 36. b4 Kg5 37. Qxa6 g3 38. hxg3 h5 39. b5 Kf5
40. b6 h4 41. b7 hxg3 42. b8=Q gxf2+ 43. Kxf2 g5 44. Qbb5+ Kg4 45. Qe6+ Kh4 46.
Qbf5 g4 47. Qxg4# {Hossa checkmated} 1-0

[Event "ICS rated standard match"]
[Site "204.178.125.65"]
[Date "2000.05.06"]
[Round "?"]
[White "Hossa"]
[Black "Tinker"]
[Result "1-0"]
[WhiteElo "2355"]
[BlackElo "2367"]
[PlyCount "131"]
[EventDate "2000.??.??"]

1. e4 e5 2. Nf3 Nc6 3. Nc3 Nf6 4. Nxe5 Nxe5 5. d4 Ng6 6. e5 Ng8 7. Bc4 Bb4 8.
Qf3 Bxc3+ 9. bxc3 Qe7 10. O-O Nh4 11. Qg4 Ng6 12. Qf3 Qf8 13. Rb1 N8e7 14. Rxb7
Bxb7 15. Qxb7 Rc8 16. Qxa7 Nc6 17. Qb7 Nge7 18. Ba3 Kd8 19. Qb2 Rb8 20. Qa1 Ke8
21. Rb1 Rc8 22. Qb2 Qg8 23. Bc5 g5 24. Ba6 Rd8 25. c4 Qg7 26. c3 d6 27. exd6
cxd6 28. Ba3 Qg6 29. Re1 Kf8 30. c5 d5 31. Qe2 Kg7 32. Bc1 Ra8 33. Bd3 f5 34.
Qd2 Rhe8 35. Re2 g4 36. Bb5 Kh8 37. c4 Red8 38. Qe1 Ng8 39. Bf4 Re8 40. Bxc6
Qxc6 41. Rxe8 Qxe8 42. Qe5+ Qxe5 43. Bxe5+ Nf6 44. Bxf6+ Kg8 45. cxd5 Rxa2 46.
g3 Kf7 47. Be5 Ke8 48. Kg2 Ra5 49. Bf6 Kd7 50. h4 h5 51. Kf1 Kc8 52. Ke2 Ra3
53. Bg5 Ra2+ 54. Bd2 Kd7 55. Ke3 Kc8 56. d6 Kd7 57. d5 Rb2 58. Bc3 Rc2 59. Bb4
Kd8 60. c6 Ra2 61. Bc5 f4+ 62. gxf4 Ra6 63. f5 g3 64. fxg3 Ke8 65. f6 Ra8 66.
d7+ {Tinker resigns} 1-0